| 000 | 01484nam a22003857a 4500 | ||
|---|---|---|---|
| 003 | CHAP | ||
| 005 | 20220329143357.0 | ||
| 008 | 090130s2008 mx a r 00010 spa d | ||
| 010 | _a95729 | ||
| 011 | _a96701 | ||
| 035 | _a107357 | ||
| 040 | _cCHAP | ||
| 090 | _aTesis | ||
| 100 | 1 |
_aHerrera Rodríguez, Andrés. _954935 |
|
| 245 | 1 | 3 |
_aLa ventana fitosanitaria y su importancia agrícola en el Valle del Fuerte, Sinaloa _c/por Andrés Herrera Rodríguez |
| 260 |
_aChapingo, Méx. : _bEl autor, _c2008 |
||
| 300 |
_aiv, 27 h. : _bilus., cuadros |
||
| 502 | _aTesis (Ing. Agr. Esp. en Parasitología Agrícola) -- UACH. Departamento de Parasitología Agrícola | ||
| 530 | _aTambién disponible en línea | ||
| 590 |
_aALEPH _b10 _c20130110 _lUCH01 _h1526 |
||
| 590 |
_aBATCH-UPD _b10 _c20130110 _lUCH01 _h1142 |
||
| 590 |
_aBATCH-UPD _b10 _c20130410 _lUCH01 _h0728 |
||
| 590 |
_aBATCH-UPD _b10 _c20130914 _lUCH01 _h2014 |
||
| 590 |
_aBATCH-UPD _b10 _c20140324 _lUCH01 _h1509 |
||
| 590 |
_aBATCH-UPD _b10 _c20141002 _lUCH01 _h0838 |
||
| 590 |
_aCONVERSION _b10 _c20130109 _lUCH01 _h1353 |
||
| 650 | 1 | 4 |
_aAgricultura _xPlagas. _91764 |
| 650 | 1 | 4 |
_aControl de plagas. _927595 |
| 650 | 1 | 4 |
_aSanidad vegetal. _9102224 |
| 856 |
_3Finding aid _uhttp://10.13.5.2/tesis/107357.pdf _zTeclea aqui |
||
| 901 | _aBK | ||
| 942 | _cFOLL | ||
| 949 |
_aTesis _bBC _cTES _d33724002083033 _eTS1 _gDonaciØn _h48593 _i107357 _sb |
||
| 949 |
_aTesis _bBC _cTES _d33724002083074 _eTS2 _fc.2 _gDonaciØn _h48594 _i107357 _sb |
||
| 999 |
_c95729 _d95729 |
||